=LDR 00000nam 2200000 4500 =001 INLIS000000000009467 =005 20200827105043 =035 ##$$a 0010-061300000009467 =008 200827################g##########0#ind## =041 ##$$a Ind =082 ##$$a 2x9. II =090 ##$$a 2x9.11, ASS s =100 ##$$a Assiba'i, Mustafa =245 1#$$a Sari Sejarah Perjuangan Rasulullah, /$c Mustafa Assiba'i =260 ##$$a Jakarta :$b Media Da'wah,$c 2000 =300 ##$$a xvi, 212 hlm, ; $c 13 x 19 cm =650 #4$$a Islam - Sejarah Da'wah Nabi =850 ##$$a NBPNMAT =084 ##$$a 2x9. II ASS s =250 ##$$a Cet. 3 =990 ##$$a DW00024483 =990 ##$$a DW00024486 =990 ##$$a DW00024484 =990 ##$$a DW00024485 =990 ##$$a 169.625/pb-2002